Open source pre NoSQL diplomová práca

Na minha lista:
Detalhes bibliográficos
Autor principal: Zborovjanová, Katarína
Autor Corporativo: Fakulta hospodárskej informatiky EU. Katedra aplikovanej informatiky
Outros Autores: Kristová, Gabriela
Formato: Livro
Idioma:eslovaco
Publicado em: Bratislava 2019
Tags: Adicionar Tag
Sem tags, seja o primeiro a adicionar uma tag!

MARC

LEADER 00000nbm a2200000 4500
001 0255813
005 20191212095239.7
041 0 |a slo 
044 |a SK 
245 1 0 |a Open source pre NoSQL  |b diplomová práca  |c Katarína Zborovjanová ; školiteľ: Gabriela Kristová 
264 1 |a Bratislava  |c 2019 
300 |a 66 s. 
100 1 |a Zborovjanová, Katarína 
700 1 |a Kristová, Gabriela 
710 2 |a Fakulta hospodárskej informatiky EU. Katedra aplikovanej informatiky